Представление документа в формате RUSMARC

ПолеНазваниеЗначение
  Тип записи a
  Библиографический уровень m
001 Контрольный номер UONB/MAIN/05485e7409af429da6b68b18942c7816
005 Дата корректировки 20260310160906.8
010 Индекс ISBN __
a ISBN 978-5-6051215-0-3
b Уточнения в пер.
9 Тираж 850 экз.
100 Данные общей обработки __
a Данные общей обработки 20251208d2024 u y0rusy0189 ca
101 Язык документа 0_
a Язык текста rus
102 Страна публикации __
a Страна публикации RU
105 Кодированные данные (монография) __
a Кодированные данные (монография) a z 001yy
200 Заглавие и сведения об ответственности 1_
a Заглавие Petro primo Russia grata. MMXXII
203 Вид содержания и тип средства __
a Вид содержания Текст
b Характеристика содержания визуальный
c Тип средства непосредственный
210 Выходные данные 1_
a Место издания Санкт-Петербург
c Издательство Институт Петра Великого
d Дата издания 2024
215 Физическое описание __
a Объем 814, [1] с.
d Формат 32 см
c Иллюстрации/тип воспроизводства ил., цв. ил.
320 Библиография __
a Библиография Библиогр.: с. 792-795
541 Перевод заглавия, сделанный каталогизатором 10
a Перевод заглавия, сделанный каталогизатором Петру Первому благодарная Россия. 2022
600 Персоналии _1
a Персоналии (Фамилия) Петр
d Римские цифры I
c Дополнение к имени император российский
f Даты 1672-1725
607 Географические рубрики __
a Географическое наименование Россия
x Тематический подзаголовок История
z Хронологический подзаголовок 18 в.
610 Ключевые слова 0_
a Ключевые слова императоры российские; российские императоры 18 в.; история России 18 в.; судьбы императоров России 18 в.
686 Индексы других классификаций __
2 Код системы rubbk
a Классификационный индекс 63.3(2)511-332-8
801 Источник записи _0
a Страна RU
b Организация Ульяновская ОНБ
c Дата составления 20251208
g Правила каталогизации RCR
801 Источник записи _1
a Страна RU
b Организация Ульяновская ОНБ
c Дата составления 20251208
g Правила каталогизации RCR
900 Электронные ресурсы __
a Имя электронного ресурса 20251208
900 Электронные ресурсы __
a Имя электронного ресурса 202512081
901 Тип документа __
t Тип документа m
909 Создатель записи __
a Создатель записи Макушик
b Дата создания записи 20251208
910 Корректоры записи __
a Корректор записи Седова
b Дата внесения изменения в запись 20260310